| 000 | 00831nam a2200265 i 4500 | ||
|---|---|---|---|
| 001 | 178101 | ||
| 003 | ES-MaACL | ||
| 005 | 20230906220459.0 | ||
| 007 | t| | ||
| 008 | 110518s1961 sp r ||||1| spa d | ||
| 080 | _a2-558.3 | ||
| 080 | _a2-558.4 | ||
| 100 | 1 |
_aCamelot, Thomas. _934051 |
|
| 245 | 1 | 0 |
_aBautismo y confirmación en la teología contemporánea / _cThomas Camelot ; [traducción por Joaquín Blázquez]. |
| 260 |
_aBarcelona : _bHerder, _c1961. |
||
| 300 |
_a83 p. ; _c18 cm. |
||
| 490 | 1 |
_aPequeña biblioteca Herder ; _v19 |
|
| 504 | _aBibliografía: p. 74-83. | ||
| 650 | 0 | 4 |
_aBautismo. _9135676 |
| 650 | 4 |
_aConfirmación. _9135809 |
|
| 700 | 1 |
_aBlázquez, Joaquín. _929440 |
|
| 830 | 0 |
_aPequeña biblioteca Herder ; _v19 _9190720 |
|
| 852 |
_aES-MaACL _jE-15130 _xOlim P-274 |
||
| 999 |
_c178101 _d178101 |
||